000 00681nam a22002297a 4500
003 UA-OsUOA
001 50135
007 ta
008 20071024b un ||||| |||| 00| 0 ukr d
090 _a330.101(075.8)
_bП50
942 _cBK
040 _aUA-OsUOA
_bukr
_cUA-OsUOA
_dUA-OsUOA
245 _aПолітична економія
_bнавчальний посібник
_cза ред. В. О. Рибалкіна, В. Г. Бодрова
300 _a672 с.
955 _a2
041 _aukr
080 _a330.101(075.8)
020 _a966-8226-18-6
260 _aК.
_bАкадемвидав
_c2007
650 7 _a330 Економіка взагалі
_2UDC
999 _c336238
_d336238